[Event "Perce-Neige"]
[Site "Montreal CAN"]
[Date "2018.04.08"]
[Round "4.4"]
[White "Gauthier, Denis"]
[Black "Baran, Marius"]
[Result "1/2-1/2"]
[WhiteElo "1845"]
[BlackElo "1851"]
[PlyCount "116"]
[EventDate "2018.04.07"]
[EventType "swiss"]
[EventRounds "4"]
[EventCountry "CAN"]

1. d4 d5 2. c4 e6 3. Nc3 Nf6 4. cxd5 exd5 5. Bg5 Be7 6. e3 O-O 7. Bd3 h6 8. Bh4
Nbd7 9. Nge2 c6 10. O-O Nh5 11. Bxe7 Qxe7 12. Qc2 Re8 13. a3 a6 14. b4 b5 15.
a4 Nb6 16. axb5 axb5 17. Rxa8 Nxa8 18. e4 dxe4 19. Nxe4 Bf5 20. f3 Bd7 21. Nc5
Nb6 22. Kh1 Nd5 23. Qd2 Ne3 24. Rg1 Nf6 25. Ra1 Bf5 26. Ng3 Bxd3 27. Nxd3 Nfd5
28. Re1 Qf8 29. Rb1 Nc4 30. Qf2 Re3 31. Nc5 g6 32. Nf1 Re7 33. h3 Qe8 34. Ng3
Re3 35. Kh2 f5 36. h4 h5 37. Kh3 Nf4+ 38. Kh2 Qe7 39. Nxf5 gxf5 40. Qg3+ Qg7
41. Qxf4 Re2 42. Qg3 Qxg3+ 43. Kxg3 Ne3 44. Kf4 Nxg2+ 45. Kxf5 Nxh4+ 46. Kg5
Nxf3+ 47. Kxh5 Nxd4 48. Kg6 Kf8 49. Kf6 Rf2+ 50. Ke5 Nf5 51. Ke6 Nd4+ 52. Ke5
Nf5 53. Ke6 Ne7 54. Kd7 Rd2+ 55. Kc7 Kf7 56. Rf1+ Kg6 57. Rb1 Rd4 58. Rb3 Rxb4
1/2-1/2

[Event "Perce-Neige"]
[Site "Montreal CAN"]
[Date "2018.04.08"]
[Round "4.5"]
[White "Fumey, Enyonam"]
[Black "Wang, Isabelle"]
[Result "1-0"]
[WhiteElo "1800"]
[BlackElo "1632"]
[PlyCount "109"]
[EventDate "2018.04.07"]
[EventType "swiss"]
[EventRounds "4"]
[EventCountry "CAN"]

1. e4 e5 2. f4 exf4 3. Nf3 d6 4. d4 Nf6 5. Nc3 Nc6 6. Bxf4 Bg4 7. Be2 g6 8. O-O
Bg7 9. h3 Bxf3 10. Bxf3 O-O 11. e5 dxe5 12. dxe5 Nd7 13. Bxc6 bxc6 14. Qe2 Re8
15. Rad1 Qe7 16. Qc4 Nxe5 17. Bxe5 Bxe5 18. Qxc6 Rad8 19. Nd5 Qe6 20. Qxe6 fxe6
21. Ne7+ Kg7 22. Rxd8 Rxd8 23. Nc6 Bd4+ 24. Kh2 Rd6 25. Nxd4 Rxd4 26. Rf2 e5
27. g3 Re4 28. Kg2 Re3 29. Rd2 Kh6 30. Kf2 Re4 31. Rd7 Rc4 32. c3 g5 33. Ke3
Kg6 34. Kd3 Rc5 35. c4 h6 36. b4 Rc6 37. b5 Rd6+ 38. Rxd6+ cxd6 39. g4 Kf6 40.
a4 Ke7 41. Ke4 Kd7 42. Kd5 Kc7 43. a5 Kb7 44. c5 dxc5 45. Kxc5 e4 46. Kd4 e3
47. Kxe3 Kc7 48. Ke4 Kd6 49. Kf5 Kc5 50. b6 axb6 51. axb6 Kxb6 52. Kg6 Kc6 53.
Kxh6 Kd6 54. Kxg5 Ke7 55. Kg6 1-0

[Event "Perce-Neige U1800"]
[Site "Montreal CAN"]
[Date "2018.04.08"]
[Round "3.1"]
[White "Labadie, Bernard"]
[Black "Gauthier, Luc"]
[Result "0-1"]
[WhiteElo "1336"]
[BlackElo "1622"]
[PlyCount "64"]
[EventDate "2018.04.07"]
[EventType "swiss"]
[EventRounds "4"]
[EventCountry "CAN"]

1. Nf3 d5 2. d4 Nf6 3. Bg5 e6 4. e3 Be7 5. Nbd2 Nbd7 6. c4 c6 7. Bd3 h6 8. Bh4
O-O 9. O-O b6 10. Rc1 Bb7 11. h3 c5 12. Bg3 Ne4 13. Bh2 Ndf6 14. Bb1 Nxd2 15.
Nxd2 cxd4 16. exd4 Rc8 17. Qa4 Bc6 18. Qc2 dxc4 19. Be5 g6 20. Rfe1 Qd5 21. f3
Nd7 22. Qc3 Nxe5 23. Rxe5 Qd7 24. Qe3 Bf6 25. Qxh6 Bxe5 26. dxe5 Qd4+ 27. Kh1
Qxe5 28. Rxc4 Qg7 29. Qg5 Rfd8 30. Rg4 Rd5 31. Qe3 Re5 32. Ne4 f5 0-1

[Event "Pere Noel"]
[Site "Montreal CAN"]
[Date "2018.12.26"]
[Round "1.1"]
[White "Yu, Zong Yang"]
[Black "Prahov, Valentin"]
[Result "1-0"]
[WhiteElo "2454"]
[BlackElo "2019"]
[PlyCount "87"]
[EventDate "2018.12.26"]
[EventType "swiss"]
[EventRounds "5"]
[EventCountry "CAN"]

1. Nf3 Nf6 2. c4 g6 3. Nc3 d5 4. cxd5 Nxd5 5. Qb3 Nb6 6. d4 Be6 7. Qc2 Nc6 8.
e4 Bg4 9. d5 Nb4 10. Qb3 Bxf3 11. Qxb4 Bg4 12. Qd4 Rg8 13. Be3 Bg7 14. Qd2 a6
15. f3 Bd7 16. Be2 e5 17. O-O Nc8 18. Bg5 f6 19. Be3 Nd6 20. f4 exf4 21. Bxf4
Rf8 22. Rac1 Rf7 23. Bd3 Rc8 24. e5 fxe5 25. Bg5 Bf6 26. Bxf6 Rxf6 27. Qh6 Qe7
28. Rxf6 Qxf6 29. Rf1 Bf5 30. g4 e4 31. Be2 Nf7 32. Qf4 Nd6 33. gxf5 gxf5 34.
Kh1 Ke7 35. Bg4 Rf8 36. Bh3 b5 37. Nd1 Qd4 38. Ne3 Qxb2 39. Nxf5+ Kd8 40. Qh4+
Qf6 41. Nxd6 Qxh4 42. Rxf8+ Ke7 43. Nf5+ Kxf8 44. Nxh4 1-0

[Event "Pere Noel"]
[Site "Montreal CAN"]
[Date "2018.12.26"]
[Round "1.4"]
[White "Ghanbari, Nader Hadji"]
[Black "Voskanyan, Vahagn"]
[Result "1/2-1/2"]
[WhiteElo "1969"]
[BlackElo "2304"]
[PlyCount "148"]
[EventDate "2018.12.26"]
[EventType "swiss"]
[EventRounds "5"]
[EventCountry "CAN"]

1. d4 Nf6 2. Nf3 d5 3. c4 c6 4. Nc3 Nbd7 5. cxd5 cxd5 6. Bf4 e6 7. e3 Ne4 8.
Qa4 Bd6 9. Nxe4 Bxf4 10. exf4 dxe4 11. Nd2 O-O 12. Nxe4 Nb6 13. Qd1 Bd7 14. Be2
Bc6 15. Bf3 Nc4 16. O-O Nxb2 17. Qc2 Qxd4 18. Ng5 g6 19. Bxc6 bxc6 20. Nf3 Qb4
21. a3 Qb6 22. Rfb1 Rab8 23. Ra2 Rfe8 24. h3 Qc7 25. Raxb2 Rxb2 26. Qxb2 Qxf4
27. Qe5 Qa4 28. Rb8 Rxb8 29. Qxb8+ Kg7 30. Qe5+ Kg8 31. Qc3 Qd1+ 32. Kh2 Qd6+
33. g3 h5 34. Qf6 Qxa3 35. Ne5 Qf8 36. Nxc6 Qe8 37. Nxa7 Qd7 38. Qa1 h4 39. Qa2
hxg3+ 40. fxg3 e5 41. Qa5 Qd4 42. Qa2 Qd7 43. Qa5 Qd4 44. Qa2 Qc5 45. h4 e4 46.
Qe2 Qxa7 47. Qxe4 Qf2+ 48. Qg2 Qd4 49. Qe2 Kg7 50. Kg2 Kh6 51. Qe7 Qd2+ 52. Kh3
Qd5 53. Qe3+ Kh7 54. Kh2 Qa2+ 55. Kg1 Qb2 56. Qf4 Kg7 57. Qe3 Kf6 58. Qg5+ Ke6
59. Qg4+ Kd6 60. Qf4+ Qe5 61. Qb4+ Ke6 62. Qg4+ Qf5 63. Qc4+ Ke5 64. Qc7+ Ke4
65. Qc6+ Ke3 66. Qc3+ Ke2 67. Kg2 Qd5+ 68. Kh2 f5 69. Qc2+ Qd2 70. Qxd2+ Kxd2
71. g4 f4 72. h5 gxh5 73. gxh5 f3 74. h6 f2 1/2-1/2

[Event "Pere Noel"]
[Site "Montreal CAN"]
[Date "2018.12.26"]
[Round "1.5"]
[White "Clyde, Jordan"]
[Black "Craciun, David"]
[Result "1-0"]
[WhiteElo "2248"]
[BlackElo "1955"]
[PlyCount "101"]
[EventDate "2018.12.26"]
[EventType "swiss"]
[EventRounds "5"]
[EventCountry "CAN"]

1. Nf3 d5 2. e3 e6 3. c4 Bd6 4. b3 Nf6 5. Bb2 O-O 6. Be2 c5 7. Nc3 b6 8. Nb5
Be7 9. Ne5 Bb7 10. O-O a6 11. Na3 Nc6 12. Nxc6 Bxc6 13. Bf3 Ne4 14. cxd5 exd5
15. d3 Ng5 16. Be2 f5 17. f4 Ne6 18. Bf3 Bf6 19. Bxf6 Qxf6 20. Nc4 dxc4 21.
Bxc6 Rad8 22. bxc4 Nc7 23. Ba4 Qc3 24. Bc2 b5 25. Rc1 bxc4 26. Bb3 Qa5 27. Rxc4
Kh8 28. Qc2 Ne6 29. Ra4 Qb6 30. Bc4 Nc7 31. Rb1 Qc6 32. Ra3 Rfe8 33. Qf2 Re7
34. Rab3 Nd5 35. Rb8 Ree8 36. Rxd8 Rxd8 37. Qf3 h6 38. Kf1 Kh7 39. a4 Qe6 40.
Kf2 Qc6 41. Rb3 g6 42. a5 Kg7 43. Rb6 Qa8 44. Rxa6 Qb7 45. Rb6 Qa8 46. Re6 Nb4
47. Qxa8 Rxa8 48. a6 Rd8 49. a7 Ra8 50. Re7+ Kf8 51. Rh7 1-0

[Event "Pere Noel"]
[Site "Montreal CAN"]
[Date "2018.12.26"]
[Round "1.6"]
[White "Zhe, Jia"]
[Black "Ouellet, Maili-Jade"]
[Result "0-1"]
[WhiteElo "1951"]
[BlackElo "2247"]
[PlyCount "122"]
[EventDate "2018.12.26"]
[EventType "swiss"]
[EventRounds "5"]
[EventCountry "CAN"]

1. Nf3 d5 2. c4 e6 3. g3 Nf6 4. Bg2 Be7 5. O-O O-O 6. b3 c5 7. cxd5 Nxd5 8. Bb2
b6 9. Nc3 Bb7 10. Re1 Nc6 11. Nxd5 exd5 12. d4 Bf6 13. e3 Qe7 14. Rc1 Rac8 15.
Qd2 Rfd8 16. Red1 Nb4 17. a3 Na6 18. Qe2 Qe6 19. Qf1 Rc7 20. Ne1 Qc8 21. Bh3
Qa8 22. Rc2 cxd4 23. Bxd4 Bxd4 24. Rxd4 Rxc2 25. Nxc2 Nc5 26. b4 Ne6 27. Rd1
Ng5 28. Bg2 Qc8 29. Nd4 Qd7 30. h4 Ne4 31. b5 Re8 32. Rc1 Qe7 33. Qd3 Qf6 34.
Rc2 Nc5 35. Qf5 Qxf5 36. Nxf5 Re6 37. Rd2 g6 38. Nd4 Rd6 39. Nc2 f5 40. Nb4 Ne4
41. Bxe4 fxe4 42. Kf1 Kf7 43. Ke2 Ke6 44. Kd1 Rd7 45. Kc2 Rc7+ 46. Kb3 Rc5 47.
a4 Kd6 48. Rd4 Rc1 49. Rd2 Rc4 50. Na2 a6 51. bxa6 Bxa6 52. Nb4 Bb7 53. Rd4 Kc5
54. Nc2 Bc6 55. Nb4 Bb7 56. Nc2 Bc8 57. Nb4 Rxd4 58. exd4+ Kxd4 59. a5 bxa5 60.
Nc6+ Kd3 61. Ne5+ Ke2 0-1

[Event "Pere Noel"]
[Site "Montreal CAN"]
[Date "2018.12.26"]
[Round "1.8"]
[White "Richard, Leo"]
[Black "Huang, Qiuyu"]
[Result "1/2-1/2"]
[WhiteElo "1934"]
[BlackElo "2224"]
[PlyCount "130"]
[EventDate "2018.12.26"]
[EventType "swiss"]
[EventRounds "5"]
[EventCountry "CAN"]

1. Nf3 d5 2. g3 Nf6 3. Bg2 e6 4. c4 Be7 5. d4 O-O 6. Nbd2 c6 7. O-O b6 8. a3
Bb7 9. b4 a5 10. Rb1 axb4 11. axb4 dxc4 12. Nxc4 Nd5 13. Bd2 Ba6 14. Ne3 Bb5
15. Re1 Nxe3 16. Bxe3 Ra4 17. Bd2 Na6 18. Ne5 Qxd4 19. Nxc6 Bxc6 20. Bxc6 Ra2
21. Be3 Qxd1 22. Rexd1 Nxb4 23. Bf3 Bc5 24. Rdc1 Bxe3 25. fxe3 Nd5 26. e4 Nf6
27. Rxb6 g5 28. e5 Nd5 29. Rd6 Ne7 30. Rc5 Ng6 31. Rd4 Rb8 32. Rg4 h6 33. h4
gxh4 34. gxh4 Kf8 35. h5 Ne7 36. Rf4 Rab2 37. Kf2 R8b5 38. Rfc4 R2b4 39. Kg3
Nf5+ 40. Kf4 Rxc5 41. Rxb4 Ne7 42. Rb8+ Kg7 43. Rb7 Nd5+ 44. Bxd5 Rxd5 45. Rb3
Rd4+ 46. e4 Rd1 47. Rg3+ Kf8 48. Ra3 Rh1 49. Kg4 Rg1+ 50. Rg3 Re1 51. Kf4 Rh1
52. Kg4 Ke8 53. Ra3 Rg1+ 54. Rg3 Re1 55. Kf4 Rh1 56. Kg4 Re1 57. Kf4 Rf1+ 58.
Rf3 Rg1 59. Rg3 Rh1 60. Kg4 f6 61. Ra3 Rg1+ 62. Kh4 Rh1+ 63. Kg4 Rg1+ 64. Kh4
Rh1+ 65. Kg4 Rg1+ 1/2-1/2

[Event "Pere Noel"]
[Site "Montreal CAN"]
[Date "2018.12.26"]
[Round "1.9"]
[White "Latreche, Sabrina"]
[Black "Steinberg, Ellis"]
[Result "1-0"]
[WhiteElo "2183"]
[BlackElo "1929"]
[PlyCount "141"]
[EventDate "2018.12.26"]
[EventType "swiss"]
[EventRounds "5"]
[EventCountry "CAN"]

1. e4 g6 2. d4 d6 3. h3 Bg7 4. Nf3 Nf6 5. Nc3 c6 6. a4 a5 7. Be3 O-O 8. Qd2 Re8
9. Be2 Qc7 10. O-O e5 11. dxe5 dxe5 12. Rfd1 Nbd7 13. Bc4 Nf8 14. Bc5 Be6 15.
Bd6 Qd8 16. Bxe6 Rxe6 17. Bxe5 Qxd2 18. Rxd2 Nxe4 19. Nxe4 Bxe5 20. Nc5 Re7 21.
Nxe5 Rxe5 22. Nxb7 Rb8 23. Nd6 Re7 24. Nc4 Ne6 25. b3 Ra7 26. Rad1 c5 27. Rd7
Rxd7 28. Rxd7 Nd4 29. Nxa5 Nxc2 30. Rb7 Rd8 31. Nc4 Rd1+ 32. Kh2 Rf1 33. a5 Nb4
34. f3 h5 35. Rb5 h4 36. Rxc5 Nd3 37. Rd5 Nf4 38. Rd2 Nh5 39. g4 hxg3+ 40. Kg2
Ra1 41. b4 Ra4 42. Rb2 Nf4+ 43. Kxg3 Nd3 44. Rb3 Rxb4 45. a6 Rxc4 46. a7 Ra4
47. Rb8+ Kg7 48. a8=Q Rxa8 49. Rxa8 Nc5 50. h4 Nd7 51. Kf4 Nf6 52. Ke5 Nd7+ 53.
Kd6 Nf6 54. Rd8 Nh5 55. Ke7 Nf6 56. Rd4 Ng8+ 57. Kd6 Nf6 58. Ke5 Nh5 59. Rd6
Ng3 60. Rf6 Nh5 61. Ra6 Ng3 62. Ra7 Nh5 63. f4 Ng3 64. Rb7 Kf8 65. Rb3 Nh5 66.
f5 Kg7 67. Rf3 f6+ 68. Ke6 g5 69. hxg5 fxg5 70. f6+ Nxf6 71. Rxf6 1-0

[Event "Pere Noel"]
[Site "Montreal CAN"]
[Date "2018.12.26"]
[Round "1.10"]
[White "Chang, Alexander RZ"]
[Black "Saha, Ananda"]
[Result "0-1"]
[WhiteElo "1918"]
[BlackElo "2179"]
[PlyCount "62"]
[EventDate "2018.12.26"]
[EventType "swiss"]
[EventRounds "5"]
[EventCountry "CAN"]

1. e4 c5 2. Nf3 e6 3. d4 cxd4 4. Nxd4 a6 5. Bd3 Bc5 6. Nb3 Be7 7. c4 d6 8. O-O
Nf6 9. Nc3 Qc7 10. Be3 Nbd7 11. Qe2 b6 12. a4 Nc5 13. Nxc5 bxc5 14. Bc2 Bb7 15.
Rfd1 O-O 16. a5 Bc6 17. f3 Rab8 18. Ba4 Rb4 19. Bxc6 Qxc6 20. Ra3 Rfb8 21. Rb1
Nd7 22. b3 Ne5 23. Qd1 Qb7 24. Rba1 Rxb3 25. Rxb3 Qxb3 26. Qxb3 Rxb3 27. Rc1
Nxc4 28. Kf2 Bf6 29. Nd1 Nxe3 30. Nxe3 Bd4 31. Re1 g5 0-1

[Event "Pere Noel"]
[Site "Montreal CAN"]
[Date "2018.12.26"]
[Round "1.11"]
[White "Tremblay, Alain"]
[Black "Weston, Paul"]
[Result "1/2-1/2"]
[WhiteElo "2111"]
[BlackElo "1876"]
[PlyCount "87"]
[EventDate "2018.12.26"]
[EventType "swiss"]
[EventRounds "5"]
[EventCountry "CAN"]

1. e4 c5 2. Nf3 d6 3. d4 cxd4 4. Nxd4 Nf6 5. Nc3 Nc6 6. Bg5 e6 7. Be2 Be7 8.
O-O O-O 9. Nb3 Nxe4 10. Nxe4 Bxg5 11. Nxd6 Qc7 12. Nxc8 Raxc8 13. Qd3 Nb4 14.
Qb5 Nd5 15. c3 a6 16. Qa4 Nf4 17. Bf3 Nd3 18. Rab1 Bf6 19. Qe4 Nf4 20. Qxb7 Qe5
21. Nd2 Rb8 22. Qxa6 Bd8 23. Rfe1 Qg5 24. Ne4 Qg6 25. Qd6 Bg5 26. Nxg5 Qxg5 27.
Qe5 f5 28. Red1 Rbe8 29. Rd7 Qh6 30. Rbd1 Ng6 31. Qc7 e5 32. Bd5+ Kh8 33. Bf7
Rc8 34. Qd6 e4 35. Bxg6 hxg6 36. Qe5 Rce8 37. Re7 Rd8 38. Rf1 Rd2 39. h4 Rxb2
40. a4 Ra2 41. a5 Rg8 42. g3 Qd2 43. h5 e3 44. hxg6 1/2-1/2

[Event "Pere Noel"]
[Site "Montreal CAN"]
[Date "2018.12.26"]
[Round "1.12"]
[White "Salazar, Andres"]
[Black "Durette, Francis"]
[Result "0-1"]
[WhiteElo "1768"]
[BlackElo "2105"]
[PlyCount "96"]
[EventDate "2018.12.26"]
[EventType "swiss"]
[EventRounds "5"]
[EventCountry "CAN"]

1. e4 d6 2. d4 g6 3. Nc3 Bg7 4. Be3 Nf6 5. f3 Nbd7 6. Qd2 e5 7. d5 O-O 8. h4
Nh5 9. Nge2 Nb6 10. g4 Nc4 11. Qd3 Nxe3 12. Qxe3 Nf4 13. O-O-O f5 14. g5 Nh5
15. Bg2 f4 16. Qg1 Bd7 17. Bh3 b5 18. Be6+ Bxe6 19. dxe6 c6 20. Rd3 Qe7 21. Qg4
Rfe8 22. Rhd1 Rad8 23. R1d2 Qxe6 24. Qxe6+ Rxe6 25. Nd1 h6 26. Nf2 hxg5 27.
hxg5 Bf8 28. Ng4 Be7 29. Ra3 Rd7 30. Ra6 Rc7 31. Rd3 Ng3 32. Ng1 Bxg5 33. Rda3
Rh7 34. Rxc6 Rh1 35. Rxa7 Rxg1+ 36. Kd2 Be7 37. Nf6+ Rxf6 38. Rxe7 Rf7 39. Re6
Nxe4+ 40. Ke2 Rg2+ 41. Ke1 Rh7 42. Kf1 Rd2 43. Rxg6+ Kf7 44. Rg1 Rd1+ 45. Ke2
Rxg1 46. fxe4 Rh3 47. Rxd6 Rg2+ 48. Kf1 f3 0-1

[Event "Pere Noel"]
[Site "Montreal CAN"]
[Date "2018.12.26"]
[Round "1.13"]
[White "Li, Yi Lin"]
[Black "Jean, Robert"]
[Result "1-0"]
[WhiteElo "2068"]
[BlackElo "1726"]
[PlyCount "73"]
[EventDate "2018.12.26"]
[EventType "swiss"]
[EventRounds "5"]
[EventCountry "CAN"]

1. e4 c5 2. Ne2 Nc6 3. d4 cxd4 4. Nxd4 d6 5. c4 Qb6 6. Nc2 Nf6 7. f3 e6 8. Nc3
a6 9. Be2 Bd7 10. a3 Be7 11. Be3 Qc7 12. O-O Ne5 13. Qd4 Rc8 14. b3 b5 15. f4
Neg4 16. Kh1 Nxe3 17. Nxe3 O-O 18. b4 bxc4 19. Bxc4 Nxe4 20. Nxe4 d5 21. Bxd5
Bb5 22. Bc4 Rfd8 23. Qc3 Qc6 24. Nc5 Bf6 25. Qb3 Bxc4 26. Qxc4 Bxa1 27. Rxa1
Qb5 28. Rc1 Qxc4 29. Nxc4 Rd4 30. g3 g6 31. Kg2 Rc6 32. Kf3 Kf8 33. Ke3 Rd5 34.
Ne5 Rcd6 35. Ne4 Rd8 36. Nf6 Rd2 37. Rc7 1-0

[Event "Pere Noel"]
[Site "Montreal CAN"]
[Date "2018.12.26"]
[Round "1.14"]
[White "Fareh, Youness"]
[Black "Zheng, Richard"]
[Result "0-1"]
[WhiteElo "1978"]
[BlackElo "2052"]
[PlyCount "88"]
[EventDate "2018.12.26"]
[EventType "swiss"]
[EventRounds "5"]
[EventCountry "CAN"]

1. Nf3 Nf6 2. c4 c6 3. d4 d5 4. Nc3 e6 5. g3 Nbd7 6. Bg2 Bd6 7. O-O O-O 8. b3
a6 9. c5 Bc7 10. Na4 Ne4 11. Nd2 f5 12. f4 Nxd2 13. Bxd2 Nf6 14. e3 Bd7 15. Nb2
Be8 16. Nd3 Bh5 17. Qe1 Ne4 18. Rc1 g5 19. Bxe4 fxe4 20. Ne5 Bxe5 21. dxe5 Bf3
22. Ba5 Qe7 23. Qd2 g4 24. Kf2 Rf5 25. Ke1 Kf7 26. Rf2 Rh5 27. Qb4 Rh3 28. Kd2
h5 29. Kc3 h4 30. gxh4 Rxh4 31. Kd4 Rh3 32. Qb6 Rh7 33. Rb2 Rah8 34. Rcc2 Kg6
35. Be1 Ra8 36. a4 Kf5 37. Bg3 a5 38. b4 Ra6 39. bxa5 Rxb6 40. Rxb6 Bd1 41. Ra2
Qe8 42. Rb1 Bf3 43. Rab2 Qa8 44. Be1 Qa6 0-1

[Event "Pere Noel"]
[Site "Montreal CAN"]
[Date "2018.12.26"]
[Round "1.15"]
[White "Vallieres, Mario"]
[Black "Mahdjoubi, Abdelaziz"]
[Result "1/2-1/2"]
[WhiteElo "2023"]
[BlackElo "1885"]
[PlyCount "74"]
[EventDate "2018.12.26"]
[EventType "swiss"]
[EventRounds "5"]
[EventCountry "CAN"]

1. d4 Nf6 2. Nc3 d5 3. Bg5 Bf5 4. e3 Nbd7 5. Bd3 Bxd3 6. Qxd3 e6 7. f3 Be7 8.
O-O-O c5 9. dxc5 Nxc5 10. Qd4 Ncd7 11. Nge2 Bc5 12. Qh4 h6 13. e4 O-O 14. Bxf6
Nxf6 15. exd5 Be3+ 16. Kb1 Nxd5 17. Qe4 Nxc3+ 18. Nxc3 Qg5 19. g3 Bb6 20. f4
Qe7 21. f5 Rfe8 22. fxe6 Qxe6 23. Qxb7 Rab8 24. Qf3 Ba5 25. Nd5 Qe2 26. Qxe2
Rxe2 27. b3 g5 28. h4 Kg7 29. hxg5 hxg5 30. Rhf1 Bd2 31. Rf3 Kg6 32. Rd3 Be1
33. c4 Rh8 34. Nc3 Bxc3 35. Rxc3 Rhh2 36. a4 Rb2+ 37. Kc1 Ra2 1/2-1/2

[Event "Pere Noel"]
[Site "Montreal CAN"]
[Date "2018.12.27"]
[Round "2.1"]
[White "Saha, Ananda"]
[Black "Yu, Zong Yang"]
[Result "0-1"]
[WhiteElo "2179"]
[BlackElo "2454"]
[PlyCount "72"]
[EventDate "2018.12.26"]
[EventType "swiss"]
[EventRounds "5"]
[EventCountry "CAN"]

1. Nf3 Nf6 2. g3 d5 3. c4 e6 4. Bg2 dxc4 5. Qa4+ c6 6. Qxc4 b5 7. Qc2 Bb7 8.
O-O Nbd7 9. d3 Be7 10. Bf4 Nd5 11. Bd2 O-O 12. a3 c5 13. Nc3 a6 14. Rac1 Rc8
15. Nxd5 Bxd5 16. Rfd1 Qb6 17. e4 Bb7 18. Be3 Qa7 19. Qe2 Qa8 20. Nd2 Bd8 21.
f4 Bb6 22. g4 Rfd8 23. g5 Qa7 24. Qf2 c4 25. Bxb6 Qxb6 26. d4 f6 27. h4 e5 28.
fxe5 fxe5 29. Nf1 exd4 30. Qxd4 Qxd4+ 31. Rxd4 Nc5 32. Rxd8+ Rxd8 33. Re1 Nd3
34. Re2 Nf4 35. Re1 Rd3 36. Kf2 Rb3 0-1

[Event "Pere Noel"]
[Site "Montreal CAN"]
[Date "2018.12.27"]
[Round "2.4"]
[White "Zheng, Richard"]
[Black "Clyde, Jordan"]
[Result "1/2-1/2"]
[WhiteElo "2052"]
[BlackElo "2248"]
[PlyCount "37"]
[EventDate "2018.12.26"]
[EventType "swiss"]
[EventRounds "5"]
[EventCountry "CAN"]

1. e4 Nf6 2. e5 Nd5 3. c4 Nb6 4. d4 d6 5. exd6 exd6 6. Nc3 Nc6 7. Be3 Bf5 8.
Nf3 Be7 9. d5 Ne5 10. Nxe5 dxe5 11. c5 Nd7 12. d6 cxd6 13. cxd6 Bg5 14. Qd2
Bxe3 15. fxe3 Qb6 16. Bc4 O-O 17. O-O Be6 18. Bxe6 fxe6 19. Ne4 1/2-1/2

[Event "Pere Noel"]
[Site "Montreal CAN"]
[Date "2018.12.27"]
[Round "2.5"]
[White "Ouellet, Maili-Jade"]
[Black "Li, Yi Lin"]
[Result "1-0"]
[WhiteElo "2247"]
[BlackElo "2068"]
[PlyCount "169"]
[EventDate "2018.12.26"]
[EventType "swiss"]
[EventRounds "5"]
[EventCountry "CAN"]

1. d4 Nf6 2. c4 e6 3. Nc3 d5 4. cxd5 exd5 5. Bg5 Nbd7 6. e3 Bb4 7. a3 Bxc3+ 8.
bxc3 h6 9. Bh4 g5 10. Bg3 Ne4 11. Bd3 Nxg3 12. hxg3 c5 13. Qc2 c4 14. Bf5 Nb6
15. Ne2 Bd7 16. g4 Nc8 17. Ng3 Nd6 18. Nh5 Bxf5 19. Ng7+ Kf8 20. Nxf5 Qf6 21.
Nxd6 Qxd6 22. Qf5 Qe6 23. Rb1 b6 24. Rh5 Kg7 25. Ke2 Raf8 26. Rb5 Rd8 27. Qxe6
fxe6 28. a4 Rb8 29. g3 a6 30. Rb2 b5 31. axb5 Rxb5 32. Rxb5 axb5 33. Rh1 Ra8
34. Rb1 Ra2+ 35. Ke1 Rc2 36. Rxb5 Rxc3 37. Rb6 Kf7 38. Rc6 Ra3 39. Rc5 Ra1+ 40.
Ke2 Ra2+ 41. Kf1 Ra1+ 42. Kg2 Re1 43. Ra5 Ke7 44. Ra3 Kd7 45. f4 Rb1 46. Ra5
Rb7 47. Kf3 Ke7 48. Ra6 Rc7 49. Ke2 gxf4 50. gxf4 h5 51. gxh5 Kf6 52. Ra1 Kf5
53. Rh1 Kg4 54. h6 Rh7 55. Kd2 Kf5 56. Rh5+ Kf6 57. Kc3 Kg6 58. Re5 Kf6 59. f5
Rxh6 60. Rxe6+ Kg5 61. Re5 Rd6 62. e4 dxe4 63. Rxe4 Kxf5 64. Re5+ Kf6 65. Kxc4
Rc6+ 66. Kb5 Rc1 67. Re2 Rb1+ 68. Kc6 Rc1+ 69. Kd6 Ra1 70. Rf2+ Kg7 71. d5 Rc1
72. Kd7 Ra1 73. d6 Rd1 74. Ke7 Re1+ 75. Kd8 Rd1 76. d7 Rc1 77. Rf5 Kg6 78. Rf8
Kg7 79. Rf5 Kg6 80. Ke7 Re1+ 81. Kf8 Rd1 82. Rf7 Rd2 83. Ke8 Rd1 84. Re7 Rh1
85. d8=Q 1-0

[Event "Pere Noel"]
[Site "Montreal CAN"]
[Date "2018.12.27"]
[Round "2.6"]
[White "Goldner, John"]
[Black "Beaulieu, Eric"]
[Result "0-1"]
[WhiteElo "1672"]
[BlackElo "2244"]
[PlyCount "82"]
[EventDate "2018.12.26"]
[EventType "swiss"]
[EventRounds "5"]
[EventCountry "CAN"]

1. e4 c5 2. Nf3 e6 3. Nc3 a6 4. a4 Qc7 5. d3 Nc6 6. g3 Nf6 7. Bg2 Be7 8. O-O d6
9. Re1 O-O 10. Bg5 h6 11. Bd2 Nd7 12. Be3 Nf6 13. h3 Rb8 14. Qd2 b5 15. axb5
axb5 16. Ne2 e5 17. c3 Na5 18. Qc2 Be6 19. Reb1 Bb3 20. Qc1 c4 21. Qd2 cxd3 22.
Qxd3 Bc4 23. Qc2 Nb3 24. Ra7 Rb7 25. Rxb7 Qxb7 26. Nd2 Nxd2 27. Qxd2 Nxe4 28.
Qc2 Bd5 29. Rd1 Bc6 30. Kh2 Ra8 31. Rg1 Bg5 32. f4 Be7 33. fxe5 dxe5 34. Nc1
Bg5 35. Re1 Bxe3 36. Rxe3 Ng5 37. Rxe5 Nf3+ 38. Bxf3 Bxf3 39. Re3 Rd8 40. Qf2
Be4 41. Re1 Qd5 0-1

[Event "Pere Noel"]
[Site "Montreal CAN"]
[Date "2018.12.27"]
[Round "2.7"]
[White "Voskanyan, Vahagn"]
[Black "Richard, Leo"]
[Result "0-1"]
[WhiteElo "2304"]
[BlackElo "1934"]
[PlyCount "74"]
[EventDate "2018.12.26"]
[EventType "swiss"]
[EventRounds "5"]
[EventCountry "CAN"]

1. Nf3 c6 2. c4 Nf6 3. b3 d5 4. Bb2 h6 5. e3 Bf5 6. cxd5 cxd5 7. Bb5+ Nbd7 8.
Qe2 a6 9. Bd3 Bxd3 10. Qxd3 e6 11. Nc3 Nc5 12. Qe2 Rc8 13. O-O Be7 14. Rac1 O-O
15. d3 b5 16. Qd2 Qb6 17. Ne2 a5 18. Ne5 b4 19. Nd4 Qa6 20. Rfd1 Bd6 21. Ndf3
a4 22. bxa4 Nxa4 23. Rxc8 Rxc8 24. Rc1 Nxb2 25. Qxb2 Rxc1+ 26. Qxc1 Qxa2 27. g3
b3 28. Qc8+ Kh7 29. Nxf7 b2 30. Qh8+ Kg6 31. N3e5+ Bxe5 32. Nxe5+ Kf5 33. g4+
Nxg4 34. Qf8+ Nf6 35. Nf3 b1=Q+ 36. Kg2 Kg6 37. Qh8 Qbb2 0-1

[Event "Pere Noel"]
[Site "Montreal CAN"]
[Date "2018.12.27"]
[Round "2.8"]
[White "Huang, Qiuyu"]
[Black "Guipi Bopala, Prince Eric jr"]
[Result "1/2-1/2"]
[WhiteElo "2224"]
[BlackElo "1797"]
[PlyCount "93"]
[EventDate "2018.12.26"]
[EventType "swiss"]
[EventRounds "5"]
[EventCountry "CAN"]

1. e4 e5 2. Nf3 Nc6 3. Bc4 Bc5 4. c3 Nf6 5. d3 d6 6. Bb3 h6 7. h3 a6 8. Nbd2
O-O 9. O-O Ba7 10. Re1 Ne7 11. Nf1 Ng6 12. d4 c6 13. Ng3 Qc7 14. Be3 Re8 15.
Bc2 Be6 16. Qd2 Rad8 17. Qc1 Bb8 18. a4 a5 19. Nh2 Qc8 20. b3 Bc7 21. c4 d5 22.
exd5 cxd5 23. c5 e4 24. Rb1 b6 25. Ne2 Qd7 26. Qd2 Qe7 27. Rec1 Nd7 28. Bd1 Nb8
29. Nf4 Nxf4 30. Bxf4 Na6 31. Be2 Nb4 32. Bb5 Rf8 33. Bxc7 Qxc7 34. cxb6 Qxb6
35. Rc5 Rc8 36. Rbc1 Rxc5 37. dxc5 Qc7 38. Qd4 Rc8 39. Nf1 Na2 40. Rc2 Nb4 41.
Rc3 Na2 42. Rg3 g6 43. Qd2 Nb4 44. c6 Kh7 45. Rc3 Qd6 46. Qd4 Nxc6 47. Qb6
1/2-1/2

[Event "Pere Noel"]
[Site "Montreal CAN"]
[Date "2018.12.27"]
[Round "2.9"]
[White "Mahdjoubi, Abdelaziz"]
[Black "Tremblay, Alain"]
[Result "0-1"]
[WhiteElo "1885"]
[BlackElo "2111"]
[Annotator ",Microsoft"]
[PlyCount "32"]
[EventDate "2018.12.26"]
[EventType "swiss"]
[EventRounds "5"]
[EventCountry "CAN"]

1. e4 c5 2. Nf3 e6 3. d4 cxd4 4. Nxd4 Nc6 5. Be2 Qc7 6. O-O a6 7. a4 Nf6 8. Nc3
Nxd4 9. Qxd4 Bd6 10. h3 h5 11. Bc4 Be5 12. Qd3 Bxc3 13. bxc3 d5 14. exd5 Nxd5
15. Bb2 Bd7 16. Qd4 O-O-O {etc.} 0-1

[Event "Pere Noel"]
[Site "Montreal CAN"]
[Date "2018.12.27"]
[Round "2.10"]
[White "Gagnon, Serge"]
[Black "Pare, Marc"]
[Result "0-1"]
[WhiteElo "1961"]
[BlackElo "1980"]
[PlyCount "92"]
[EventDate "2018.12.26"]
[EventType "swiss"]
[EventRounds "5"]
[EventCountry "CAN"]

1. d4 f5 2. Nf3 Nf6 3. c4 e6 4. Nc3 Bb4 5. Bd2 O-O 6. a3 Bxc3 7. Bxc3 d5 8. e3
Ne4 9. Ne5 c6 10. Bd3 Nd7 11. Nxd7 Bxd7 12. Bb4 Re8 13. O-O a5 14. Be1 b5 15.
c5 Kh8 16. f3 Ng5 17. Bg3 Nf7 18. Bc2 g5 19. Qd3 Qf6 20. e4 Qg7 21. Rae1 f4 22.
Bf2 Nh6 23. Qd2 Rf8 24. g4 Ng8 25. exd5 exd5 26. Re5 Rf7 27. Rfe1 a4 28. R1e2
Raf8 29. Qe1 Nf6 30. h3 h5 31. Bf5 Bxf5 32. Rxf5 hxg4 33. hxg4 Ng8 34. Rfe5 Qh6
35. Qf1 Rh7 36. Qg2 Rf6 37. Be1 Qg7 38. Ba5 Rfh6 39. Bd8 Rh3 40. Bxg5 Rg3 41.
Bxf4 Rxg2+ 42. Kxg2 Qf8 43. Rf5 Rf7 44. Be5+ Kh7 45. Rh5+ Kg6 46. f4 Rxf4 0-1